000 00660nam a22002297a 4500
003 0
005 20250324115818.0
008 250324b xxu||||| |||| 00| 0 eng d
020 _a9780323884518
050 _aHG 4534
_bS76 2024
100 _aStowell, David P.
245 _aInvestment banks, hedge funds, and private equity
_cDavid P. Stowell and Paul Stowell
250 _aFourth edition
260 _aLondon
_bAcademic Press
_c2024
300 _axiii, 770 pages ;
_c24cm.
504 _aIncludes index.
650 _aInvestment banking.
650 _aHedge funds.
650 _aCorporate finance
700 _aStowell, Paul
942 _2lcc
_cBK
999 _c367325
_d367325